<?xml version="1.0" encoding="UTF-8"?>
<collection xmlns="http://www.loc.gov/MARC21/slim">
 <record>
  <leader>00560nam a22001695a 4500</leader>
  <controlfield tag="001">EHU.bham007817</controlfield>
  <controlfield tag="003">AR-BHAM</controlfield>
  <controlfield tag="005">20091204150614.0</controlfield>
  <controlfield tag="008">130507s1954##################000#0#####d</controlfield>
  <datafield tag="082" ind1="8" ind2="6">
   <subfield code="a">861.4</subfield>
  </datafield>
  <datafield tag="100" ind1="1" ind2=" ">
   <subfield code="a">Melendez Valdes, Juan</subfield>
  </datafield>
  <datafield tag="245" ind1="1" ind2="0">
   <subfield code="a">Poesias ineditas [melendez valdes] /</subfield>
   <subfield code="c">Juan Melendez Valdes.</subfield>
  </datafield>
  <datafield tag="260" ind1=" " ind2=" ">
   <subfield code="a">Madrid :</subfield>
   <subfield code="b">Real Academia EspaÑola,</subfield>
   <subfield code="c">1954</subfield>
  </datafield>
  <datafield tag="300" ind1=" " ind2=" ">
   <subfield code="a">255 p.</subfield>
  </datafield>
  <datafield tag="500" ind1=" " ind2=" ">
   <subfield code="a">Introd.bibliografica De Antonio Rodriguez-moÑino</subfield>
  </datafield>
  <datafield tag="653" ind1=" " ind2=" ">
   <subfield code="a">Poesia espaÑola-1701-1800</subfield>
  </datafield>
  <datafield tag="859" ind1=" " ind2=" ">
   <subfield code="a">AR-BHAM</subfield>
   <subfield code="b">BIB. HUMANIDADES - General</subfield>
   <subfield code="h">861.4</subfield>
   <subfield code="i">M483</subfield>
   <subfield code="p">1383.62</subfield>
   <subfield code="t">Ej.1</subfield>
  </datafield>
 </record>
</collection>
